000 00337nam a2200145Ia 4500
100 _aSocha/J./ Hall/ A
942 _cBK
654 _aComputer
245 _aPC World Dos 6.2 : Command Ref & Problem Solver
260 _bGalgotia
_aNew Delhi
_c1994
082 _a005.13 'DOS'
300 _a522
546 _aENGLISH
999 _c34033
_d34033